Abili di cuore : omo-disabilità : quale rapporto tra omosessualità e disabilità? /

সংরক্ষণ করুন:
গ্রন্থ-পঞ্জীর বিবরন
প্রধান লেখক: Berardi, Priscilla (লেখক)
অন্যান্য লেখক: Chiari, Cristina, Grasso, Ilaria, Lelleri, Raffaele
বিন্যাস: গ্রন্থ
ভাষা:ইতালিয়
প্রকাশিত: Bologna : Arcigay, 2007
ট্যাগগুলো: ট্যাগ যুক্ত করুন
কোনো ট্যাগ নেই, প্রথমজন হিসাবে ট্যাগ করুন!

MARC

LEADER 00000nam a22000007i 4500
001 IT\ICCU\UBO\3615872
003 ItRI
005 20260115232241.0
008 090416s2007 it |||||| ||||| |||||c
040 |b ita  |c importazione bologna sebina 
041 7 |a ita  |2 ISO-639-2 
100 1 |a Berardi, Priscilla  |0 IT\ICCU\UBOV\320507  |4 aut 
245 1 0 |a Abili di cuore :  |b omo-disabilità : quale rapporto tra omosessualità e disabilità? /  |c rapporto di ricerca di Priscilla Berardi ; con la collaborazione di Cristina Chiari e Ilaria Grasso ; supervisione e coordinamento di Raffaele Lelleri. 
260 |a Bologna :  |b Arcigay,  |c 2007 
300 |a 66 p. ;  |c 30 cm 
500 |a Sul fornt.: Centro Bolognese di terapia della Famiglia, Centro Documentazione Handicap di Bologna, Handygay di Roma, Abili di Cuore. 
700 1 |a Chiari, Cristina  |0 IT\ICCU\TO0V\360576 
700 1 |a Grasso, Ilaria  |0 IT\ICCU\UBOV\320509 
700 1 |a Lelleri, Raffaele  |0 IT\ICCU\UBOV\320510 
942 |2 ddc  |c BK  |n 0 
952 |0 0  |1 0  |4 0  |6 DOC_305_908000000000000_BER  |7 0  |9 22915  |a BO  |b BO  |d 2026-01-15  |i 12680  |l 0  |o DOC 305.908 BER  |p BO12680  |r 2026-01-15 23:22:41  |w 2026-01-15  |x [Sebina 5] [1 v.]  |y BK  |z 1 v. 
999 |c 19559  |d 19559